000 01031nam a2200253 a 4500
001 82295
003 BD-RjUL
005 20231207105308.0
008 231115s2014 bg a|||| m||| 00| 0 eng d
035 _a(BD-RjUL)82295
040 _aBD-RjUL
_beng
_cBD-RjUL
_dBD-RjUL
041 _aeng
082 _223
_a341.48095492
_bISH 2014
100 _aIslam, Md. Nahidul
_910058
245 1 0 _aHuman Rights Situation in Bangladesh :
_bA Study with Special Refernce to the Role of Police /
_cBy Md. Nahidul Islam ;
_6Principal Supervisor : M. Anisur Rahman, Co-Supervisor : M. Ahsan Kabir
260 _aRajshahi :
_bDepartment of Law, University of Rajshahi,
_c2014
300 _axviii, 433 Leaves :
_bill, ;
_c29 cm.
502 _aThesis (Ph. D.) -- Department of Law, University of Rajshahi, 2014
504 _aBibliography : Leaves [367]-384
650 _aHuman Rights
_vLaw of Nations
_zBangladesh
_910059
700 _aRahmanM. Anisur, Principal Supervisor
_910060
700 _aKabir, M. Ahsan, Co-Supervisor
_910061
942 _2ddc
_cTHE
999 _c82295
_d82295